| 000 | 00358nam a2200133Ia 4500 | ||
|---|---|---|---|
| 005 | 20260328104344.0 | ||
| 008 | 260328s9999||||xx |||||||||||||| ||und|| | ||
| 100 | _aAndreu Bach, David | ||
| 245 | 0 |
_aScandinavian Architecture, Sostenibilidad Y Calidad de Vida / _cDavid Andreu Bach |
|
| 260 | _bMonsa | ||
| 300 | _a336 p. | ||
| 650 | _aPLANOS | ||
| 942 | _cBK | ||
| 999 |
_c12245 _d12245 |
||